000 00665nam a2200205Ii 4500
003 JO-AjNU
008 230605s9999||||xx |||||||||||||| ||und||
017 _a1986/10/890-ع
040 _aJO-AjNU
_bara
_erda
_cJO-AjNU
041 _aara
050 1 4 _aPR6068 1986
100 3 _aتأليف فيستلي،آن ؛ ترجمة خليل شطا ,
_eauthor
_97898
245 0 0 _aرحلة سعيدة: قصص للأطفال
264 3 1 _aدمشق:وزارة الثقافة،1986
300 _a208ص
336 _atext
_btxt
_2rdacontent
337 _aunmediated
_bn
_2rdamedia
338 _avolume
_bnc
_2rdacarrier
650 4 _aقصص مترجمة - رحلة سعيدة
_97899
999 _aA512
_c4080
_d4080